000 00541nam a2200193Ia 4500
005 20250923145824.0
008 008 250917s9999 xx 000 0 eng d
037 _aTextual
040 _aDSWL
_beng
_cDSWL
041 _aeng
_2eng
084 _aY15-73(Q6), N84
_qDSWL
245 4 _aThe emerging christian women
_cby S. Faria
260 _aIndore
_b Satparkashan Sandar Kendra
_c1984
300 _axvii,292p.
365 _aINR
_b25.00
925 _g25.00
942 _cTEXL
_hY15-73(Q6), N84
999 _c1456110
_d1456110